| 000 | 00800cam a22002411 4500 | ||
|---|---|---|---|
| 001 | pa 58000032 | ||
| 003 | DLC | ||
| 005 | 20260227111854.0 | ||
| 008 | 870529s1958 dcu 000 0 eng c | ||
| 010 | _apa 58000032 | ||
| 035 | _a(OCoLC)15748454 | ||
| 040 |
_aPan American Union. Library _cMWelC _dDLC |
||
| 041 | 1 |
_aeng _hspa |
|
| 042 | _apremarc | ||
| 043 |
_an------ _as------ |
||
| 050 | 0 | 0 |
_aKDZ1182 _b.A18 1958 |
| 110 | 2 | _aInter-American Council of Jurists. | |
| 245 | 0 | 0 |
_aStatutes. _cTranslations of the Spanish text approved by the Council on the Organization of American States on April 18, 1951, and amended on May 28, 1957. |
| 260 |
_aWashington, _bPan American Union, _c1958. |
||
| 300 |
_a9 p. _c21 cm. |
||
| 610 | 2 | 0 | _aInter-American Council of Jurists. |
| 650 | 0 |
_aLaw _zAmerica. |
|
| 999 |
_c51366 _d51366 |
||